El Femicrime en las novelas de Alicia Giménez Bartlett: ''Ritos de muerte'', ''Un barco cargado de arroz'' y ''Crímenes que no olvidaré'' : (Record no. 178994)

MARC details
000 -LEADER
fixed length control field 05149namaa22004331i 4500
003 - CONTROL NUMBER IDENTIFIER
control field EG-GICUC
005 - أخر تعامل مع التسجيلة
control field 20260405125838.0
008 - FIXED-LENGTH DATA ELEMENTS--GENERAL INFORMATION
fixed length control field 260312s2025 ua a|||frm||| 000 0 eng d
040 ## - CATALOGING SOURCE
Original cataloguing agency EG-GICUC
Language of cataloging eng
Transcribing agency EG-GICUC
Modifying agency EG-GICUC
Description conventions rda
041 0# - LANGUAGE CODE
Language code of text/sound track or separate title eng
Language code of summary or abstract eng
-- spa
049 ## - Acquisition Source
Acquisition Source Deposit
082 04 - DEWEY DECIMAL CLASSIFICATION NUMBER
Classification number 463.21
092 ## - LOCALLY ASSIGNED DEWEY CALL NUMBER (OCLC)
Classification number 463.21
Edition number 21
097 ## - Degree
Degree M.A
099 ## - LOCAL FREE-TEXT CALL NUMBER (OCLC)
Local Call Number Cai01.02.16.M.A.2025.Ga.F
100 0# - MAIN ENTRY--PERSONAL NAME
Authority record control number or standard number Gawaher Mahmoud Tawfiq Mahmoud,
Preparation preparation.
245 10 - TITLE STATEMENT
Title El Femicrime en las novelas de Alicia Giménez Bartlett: ''Ritos de muerte'', ''Un barco cargado de arroz'' y ''Crímenes que no olvidaré'' :
Remainder of title Estudio lingüístico y estilístico /
Statement of responsibility, etc. by Gawaher Mahmoud Tawfiq Mahmoud ; Directoras Prof. Drª. Riham Abdel Aziz Hassan, Drª. Sara Ahmed Mahmoud Abbas.
246 15 - VARYING FORM OF TITLE
Title proper/short title أدب الجريمة النسائية في روايات أليثيا خيمينيث بارتلت: "طقوس الموت" و"قارب محمل بالأرز" و"جرائم لن أنساها" :
Remainder of title دراسة لغوية وأسلوبية /
264 #0 - PRODUCTION, PUBLICATION, DISTRIBUTION, MANUFACTURE, AND COPYRIGHT NOTICE
Date of production, publication, distribution, manufacture, or copyright notice 2025.
300 ## - PHYSICAL DESCRIPTION
Extent 138 pages :
Other physical details illustrations ;
Dimensions 25 cm. +
Accompanying material CD.
336 ## - CONTENT TYPE
Content type term text
Source rda content
337 ## - MEDIA TYPE
Media type term Unmediated
Source rdamedia
338 ## - CARRIER TYPE
Carrier type term volume
Source rdacarrier
502 ## - DISSERTATION NOTE
Dissertation note Thesis (Ph.D)-Cairo University, 2025.
504 ## - BIBLIOGRAPHY, ETC. NOTE
Bibliography, etc. note Bibliography: pages 129-138.
520 #3 - SUMMARY, ETC.
Summary, etc. En este trabajo se ha abordado lo que se conoce como “el femicrime” desde una<br/>perspectiva lingüística y estilística. La investigación se ha basado en el análisis de tres novelas de<br/>la serie policíaca Petra Delicado, de la escritora contemporánea Alicia Giménez Bartlett,<br/>considerada una de las autoras más destacadas de la narrativa policíaca en España. Se han<br/>elegido la primera, la intermedia y la última novela de la serie con el fin de observar, por un lado,<br/>la evolución de la lengua y el estilo de escritura de Bartlett y, por otro, la manera en que estos se<br/>emplean en la consolidación del femicrime. De este modo, el objetivo principal ha sido<br/>identificar las características lingüísticas y estilísticas de esta corriente literaria relativamente<br/>reciente, a través del análisis de los textos seleccionados en los niveles sintáctico, semántico,<br/>léxico y estilístico. El estudio ha concluido que los rasgos lingüísticos del femicrime se asemejan<br/>a los rasgos literarios en cuanto a la rebeldía frente a las ideas dominantes en la sociedad sobre la<br/>mujer. Asimismo, la novela policíaca de autoría femenina ha experimentado cambios en las ideas<br/>y temáticas abordadas. Igualmente, la transformación ha abarcado la lengua, pretendiendo<br/>resaltar dichas ideas.
520 #3 - SUMMARY, ETC.
Summary, etc. في هذه الرسالة، تم تناول ما يُعرف بـ "أدب الجريمة النسائية" من منظور لغوي وأسلوبي. وقد قام البحث على تحليل ثلاث روايات من سلسلة "بيترا ديليكادو" البوليسية للكاتبة المعاصرة أليثيا خيمينيث بارتلت، التي تُعدّ واحدة من أبرز كاتبات الأدب البوليسي في إسبانيا. وقد تم اختيار الرواية الأولى والوسطى والأخيرة من السلسلة بغرض رصد تطوّر لغة وأسلوب الكتابة لدى بارتلت من ناحية، وكيفية توظيفهما في تشكيل كيان تيار الأدب البوليسي النسائي من ناحية أخرى. ومن ثمّ، كان الهدف الرئيس هو التعرّف إلى الخصائص اللغوية والأسلوبية لهذا التيار الأدبي الحديث نسبيًا، من خلال إجراء تحليل للنصوص المختارة على المستويات النحوية والدلالية والمعجمية والأسلوبية. وقد توصّلت الدراسة إلى أنّ السمات اللغوية لأدب الجريمة النسائية تُشابه السمات الأدبية من حيث التمرّد على الأفكار السائدة في المجتمع حول المرأة؛ فكما شهدت الرواية البوليسية التي ألّفتها كاتبات نساء تحولا في الموضوعات والأفكار المطروحة، فقد شمل التغيير اللغة أيضًا، في محاولة لإبراز تلك الأفكار.
530 ## - ADDITIONAL PHYSICAL FORM AVAILABLE NOTE
Issues CD Issues also as CD.
546 ## - LANGUAGE NOTE
Text Language Text in English and abstract in Arabic & English.
650 #0 - SUBJECT ADDED ENTRY--TOPICAL TERM
Topical term or geographic name entry element Spanish
650 #0 - SUBJECT ADDED ENTRY--TOPICAL TERM
Topical term or geographic name entry element اللغة الاسبانية
653 #0 - INDEX TERM--UNCONTROLLED
Uncontrolled term Femicrime
-- Género policíaco
-- Novela policíaca
-- Detectivismo femenino
-- Autoría femenina
-- Alicia Giménez Bartlett
-- Análisis lingüístico
-- Análisis estilístico
-- الأدب البوليسي
-- أدب الجريمة النسائية
700 0# - ADDED ENTRY--PERSONAL NAME
Personal name Riham Abdel Aziz Hassan
Relator term thesis advisor.
700 0# - ADDED ENTRY--PERSONAL NAME
Personal name Sara Ahmed Mahmoud Abbas
Relator term thesis advisor.
900 ## - Thesis Information
Grant date 01-01-2025
Supervisory body Riham Abdel Aziz Hassan
-- Sara Ahmed Mahmoud Abbas
Universities Cairo University
Faculties Faculty of Arts
Department Department of Spanish language and literature
905 ## - Cataloger and Reviser Names
Cataloger Name Shimaa
Reviser Names Eman Ghareb
942 ## - ADDED ENTRY ELEMENTS (KOHA)
Source of classification or shelving scheme Dewey Decimal Classification
Koha item type Thesis
Edition 21
Suppress in OPAC No
Holdings
Source of classification or shelving scheme Home library Current library Date acquired Inventory number Full call number Barcode Date last seen Effective from Koha item type
Dewey Decimal Classification المكتبة المركزبة الجديدة - جامعة القاهرة قاعة الرسائل الجامعية - الدور الاول 12.03.2026 93540 Cai01.02.16.M.A.2025.Ga.F 01010110093540000 12.03.2026 12.03.2026 Thesis
Cairo University Libraries Portal Implemented & Customized by: Eng. M. Mohamady Contacts: new-lib@cl.cu.edu.eg | cnul@cl.cu.edu.eg
CUCL logo CNUL logo
© All rights reserved — Cairo University Libraries
CUCL logo
Implemented & Customized by: Eng. M. Mohamady Contact: new-lib@cl.cu.edu.eg © All rights reserved — New Central Library
CNUL logo
Implemented & Customized by: Eng. M. Mohamady Contact: cnul@cl.cu.edu.eg © All rights reserved — Cairo National University Library